Implementation of synchronization free speech scrambling module / (Record no. 190752)
[ view plain ]
| 000 -LEADER | |
|---|---|
| fixed length control field | 00875 a2200193 4500 |
| 003 - CONTROL NUMBER IDENTIFIER | |
| control field | NUST |
| 005 - DATE AND TIME OF LATEST TRANSACTION | |
| control field | 20251125160044.0 |
| 040 ## - CATALOGING SOURCE | |
| Transcribing agency | Nust |
| 082 ## - DEWEY DECIMAL CLASSIFICATION NUMBER | |
| Classification number | 621.382,KHA |
| 100 ## - MAIN ENTRY--PERSONAL NAME | |
| Personal name | Khan, Zarrar Ali (TCC-20) |
| 9 (RLIN) | 132086 |
| 245 ## - TITLE STATEMENT | |
| Title | Implementation of synchronization free speech scrambling module / |
| Statement of responsibility, etc. | Zarrar Ali Khan, Khawar Hussain and Sarmad Nadeem |
| 260 ## - PUBLICATION, DISTRIBUTION, ETC. | |
| Place of publication, distribution, etc. | Rawalpindi |
| Name of publisher, distributor, etc. | MCS (NUST) |
| Date of publication, distribution, etc. | 2012 |
| 300 ## - PHYSICAL DESCRIPTION | |
| Extent | vii, 55 p.; |
| 505 ## - FORMATTED CONTENTS NOTE | |
| Formatted contents note | Introduction (Page-11), Background (Page-11), The Proposed Technique system Design (Page-20), System Development (Page-29), Software implementation (Page-29), System Development II (Page-40), Hardware Implementation (Page-40), System Analysis and Future Work (Page-50), Bibliography (Page-55). |
| 650 ## - SUBJECT ADDED ENTRY--TOPICAL TERM | |
| Topical term or geographic name entry element | UG Project |
| 9 (RLIN) | 131132 |
| 651 ## - SUBJECT ADDED ENTRY--GEOGRAPHIC NAME | |
| Geographic name | TCC-20 |
| 9 (RLIN) | 131219 |
| 700 ## - ADDED ENTRY--PERSONAL NAME | |
| Personal name | Supervised by Brig (R) Dr. Ashraf Masood |
| 9 (RLIN) | 132087 |
| 942 ## - ADDED ENTRY ELEMENTS (KOHA) | |
| Koha item type | Project Report |
| Source of classification or shelving scheme | |
| Withdrawn status | Lost status | Source of classification or shelving scheme | Damaged status | Not for loan | Permanent Location | Current Location | Shelving location | Date acquired | Full call number | Barcode | Date last seen | Price effective from | Koha item type | Public note |
|---|---|---|---|---|---|---|---|---|---|---|---|---|---|---|
| Military College of Signals (MCS) | Military College of Signals (MCS) | Reference | 12/12/2016 | 621.382,KHA | MCSPTC-165 | 12/08/2016 | 12/12/2016 | Project Report | Almirah No. 94, Shelf No. 3 |
